Modelo de automatización de una planta hidroeléctrica

Gespeichert in:
Bibliographische Detailangaben
1. Verfasser: Monge Navarro, Cesar Danilo
Weitere Verfasser: Ordeñana Carmiol, Raymond, Mazón González, Ismael, 1954- Director de Proyecto Eléctrico
Format: Buch
Veröffentlicht: San José, Costa Rica 1992
Schlagworte:
Tags: Tag hinzufügen
Keine Tags, Fügen Sie den ersten Tag hinzu!

MARC

LEADER 00000nam a2200000Ia 4500
003 005382
005 20231117151935.0
008 140114s1992 cr a m 000 ||s d
040 |c cru CEDI 
090 |a TFG 2542 
100 |a Monge Navarro, Cesar Danilo  |9 12580 
245 |a Modelo de automatización de una planta hidroeléctrica 
260 |a San José, Costa Rica  |c 1992 
300 |a  55, [180] hojas (algunas plegables) : ilustraciones ; 27 cm  
500 |a Proyecto de graduación (bachillerato en ingeniería eléctrica)--Universidad de Costa Rica. Facultad de Ingeniería. Escuela de Ingeniería Eléctrica 
501 |a Profesor Guía: Ing. Ismael Mazón González 
650 |x COMPAÑIA NACIONAL DE FUERZA Y LUZ (COSTA RICA)   |x REGULADORES ELECTRICOS   |x CENTRALES ELECTRICAS - COSTA RICA - AUTOMATIZACION  |9 12582 
700 |9 12581  |a Ordeñana Carmiol, Raymond 
700 |a Mazón González, Ismael, 1954-  |d Director de Proyecto Eléctrico   |9 1713 
942 |c TFG  |h TFG 2542  |i 005382  |6 TFG_2542_005382000000000 
999 |c 20165  |d 20165